Clic Distance entre Paris et... - Monde - 2 - - Statistiques

Statistiques générales
  • Ce quiz a été pris 21 fois
  • Le résultat moyen est 3 sur 16
Statistiques - réponses
Hint Réponse % Correct
Rabat 1800 km
57%
Manille 10800 km
29%
Doha 5000 km
29%
Bakou 3800 km
21%
Montevideo 11000 km
14%
Damas 3300 km
14%
Bamako 4150 km
14%
Islamabad 6000 km
14%
Luanda 6500 km
14%
La Havane 7700 km
14%
Brasilia 8700 km
14%
Taipei 9850 km
14%
Ottawa 5650 km
7%
Harare 7950 km
7%
Quito 9400 km
7%
Phnom Penh 9950 km
0%
Aucun quiz correspondant
Distribution des résultats
% des personnes avec chaque résultat
Percentile par nombre de réponses
Votre historique - résultats
Vous n’avez pas pris ce quiz